|
|
|
|
| LEADER |
01058nam a2200289 a 4500 |
| 001 |
c000060410 |
| 003 |
CARM |
| 005 |
19840320000000.0 |
| 008 |
760109s1975 enkaf b 001 0 eng |
| 015 |
|
|
|a GB75-17268
|
| 019 |
1 |
|
|a 283885
|z 27524693
|5 LACONCORD2021
|
| 020 |
|
|
|a 0091194903 :
|c L.7.75
|
| 035 |
|
|
|a (OCoLC)3053312
|5 LACONCORD2021
|
| 040 |
|
|
|a LC
|b eng
|c LC
|d ANL
|
| 050 |
0 |
0 |
|a Q310
|b .P36
|
| 082 |
0 |
4 |
|a 153.1/5
|
| 100 |
1 |
|
|a Pask, Gordon.
|
| 245 |
1 |
4 |
|a The cybernetics of human learning and performance :
|b a guide to theory and research /
|c [by] Gordon Pask.
|
| 260 |
|
|
|a London :
|b Hutchinson Educational,
|c 1975.
|
| 300 |
|
|
|a 347 p., [8] p. of plates :
|b ill. ;
|c 24 cm.
|
| 500 |
|
|
|a Includes index.
|
| 504 |
|
|
|a Bibliography: p. 327-338.
|
| 650 |
|
0 |
|a Cybernetics.
|
| 650 |
|
0 |
|a Learning, Psychology of.
|
| 852 |
8 |
|
|b CARM
|h A2:AD19D0
|i C01583
|p 0083180
|f BK
|
| 999 |
f |
f |
|i f51d8f78-c045-5913-b6e3-48f66c17b297
|s 671a7fae-3e99-5523-9cfd-ea1d50f5c606
|
| 952 |
f |
f |
|p Can circulate
|a CAVAL
|b CAVAL
|c CAVAL
|d CARM 1 Store
|e C01583
|f A2:AD19D0
|h Other scheme
|i book
|m 0083180
|